Statistiques concernant Clips du top 50 de l'année 2001

Cliquez ici pour prendre le quiz!

Statistiques générales

  • Ce quiz a été pris 125 fois
  • Le résultat moyen est 6 sur 8

Statistiques - réponses

Réponse% Correct
Garou et Céline Dion - Sous le vent
98%
Lorie - Je serai (ta meilleure amie)
85%
Yannick Noah - La Voix des sages (No More Fighting)
85%
Star Academy 1 - La musique
74%
Alizée - Moi... Lolita
72%
L5 - Toutes les femmes de ta vie
63%
MC Solaar - Hasta la vista
49%
Gérald de Palmas - J'en rêve encore
43%

Distribution des résultats

Percentile par nombre de réponses

% des personnes avec chaque résultat

Votre développement - résultats

Vous n’avez pas pris ce quiz